ნორმალური ფორმატი
MARC ფორმატი
ჩანაწერი Personal Name
ჩანაწერთა რაოდენობა, რომელიც გამოყენებულია: 1
001 - CONTROL NUMBER
- control field: 8964
003 - CONTROL NUMBER IDENTIFIER
- control field: GE_BSU
005 - DATE AND TIME OF LATEST TRANSACTION
- control field: 20200701144446.0
008 - FIXED-LENGTH DATA ELEMENTS
- fixed length control field: 200701|| aca||aabn | a|a d
040 ## - CATALOGING SOURCE
- Original cataloging agency: GE_BSU
- Transcribing agency: GE_BSU
100 ## - HEADING--PERSONAL NAME
- Personal name: Engelking, Ryszard.
670 ## - SOURCE DATA FOUND
- Source citation: Work cat.: (GE_BSU)0: Engelking, Ryszard., Theory of dimensions, finite and infinite /, c1995.
